Parenthood's 100 Best Children's Books Quiz Stats

 Plays Quiz Updated May 14, 2019

Score 0/100 Timer 13:00
0 Plays Today
% Correct
J.K. Rowling (series)
85.9%
Lewis Carroll
72.2%
C.S. Lewis (series)
71%
E.B. White
65.9%
Anne Frank
54.1%
Laura Ingalls Wilder (series)
53%
A.A. Milne
48.1%
Maurice Sendak
46.3%
Beatrix Potter
43.8%
Roald Dahl
41.7%
J.M. Barrie
41.5%
Beverly Cleary (series)
41%
the Brothers Grimm
37%
Lois Lowry
36.9%
Margaret Wise Brown, illustrated by Clement Hurd
36.1%
Eric Carle
34.8%
Madeleine L’Engle
34.2%
Louis Sachar
32.6%
Antoine de Saint-Exupery
31.3%
Judy Blume
31.3%
L.M. Montgomery
30.6%
E.B. White
29.4%
Marc Brown (series)
27.1%
Frances Hodgson Burnett
26%
Gary Paulsen
25.2%
Lois Lowry
23.6%
Chris Van Allsburg
20.2%
Kenneth Grahame
19.4%
Shel Silverstein
19.4%
Dr. Seuss
18.8%
Scott O’Dell
18%
Brian Jacques (series)
17.5%
Ludwig Bemelmans
15.7%
Katherine Paterson
14.9%
% Correct
Laura Numeroff, illustrated by Felicia Bond
14.5%
Jan Brett
13.1%
Robert McCloskey
12.7%
Arnold Lobel (series)
12.3%
Jean De Brunhoff (series)
12.3%
Ezra Jack Keats
12.3%
Lynne Reid Banks (series)
12.1%
Margery Williams, illustrated by William Nicholson
11.8%
Chris Van Allsburg
11.1%
Crockett Johnson
10.9%
Jerry Spinelli
10.9%
Mary Norton (series)
10.3%
Kate DiCamillo
9.9%
Wilson Rawls
9.9%
Norton Juster
9.5%
Natalie Babbitt
8.9%
Eric Hill (series)
8.1%
Louise Fitzhugh
7.8%
Bill Martin Jr., illustrated by Lois Ehlert
7.7%
Phyllis Reynolds Naylor
6.7%
Hugh Lofting
6.4%
Shirley Hughes (series)
6.4%
Patricia MacLachlan
6.3%
Jean Craighead George
6.2%
Elizabeth George Speare
6.2%
Kevin Henkes
5.8%
Ian Falconer
5.5%
Munro Leaf, illustrated by Robert Lawson
4.9%
Cornelia Funke
4.8%
Cynthia Rylant (series)
4.8%
Russell Hoban, illustrated by Lillian Hoban
4%
Vera Williams
3.9%
Wanda Gag
3.7%
Virginia Lee Burton
3.7%
% Correct
Katherine Paterson
3.6%
William Steig
3.5%
Lois Lowry
3.3%
Barbara Cooney
2.9%
Jane Yolen
2.8%
Harry Allard and James Marshall
2.8%
Robert McCloskey (series)
2.8%
Betsy Byars
2.6%
Jack Prelutsky
2.3%
David Macaulay
2.2%
Susan Meddaugh
2.2%
Ed Young
1.9%
Verna Aardema, illustrated by Leo and Diane Dillon
1.8%
John Reynolds Gardiner
1.8%
Donald Hall
1.8%
Molly Bang
1.8%
Ruth Krauss, illustrated by Maurice Sendak
1.7%
Cynthia Rylant
1.6%
Walter Dean Myers
1.6%
John Burningham
1.4%
Helen Oxenbury (series)
1.4%
Mary Howitt, illustrated by Tony DiTerlizzi
1.3%
Rumer Godden
1.3%
Paula Fox
1.3%
Nancy Tafuri
1.3%
Eleanor Coerr
1.2%
Mildred Taylor
1.2%
Virginia Hamilton
1.2%
Robie Harris, illustrated by Michael Emberley
1.2%
Eric Kimmel, illustrated by Trina Schart Hyman
1.1%
Eve Merriam
0.9%
Dorothy and X.J. Kennedy (anthology)
0.8%

You're not logged in!

Compare scores with friends on all Sporcle quizzes.
OR
Log In

Sporcle TV

Today on Sporcle TV


Watch our educational content, quiz creation guides, and fun videos on Sporcle TV.

Show Comments

Extras

Top Quizzes Today


Score Distribution

Your Account Isn't Verified!

In order to create a playlist on Sporcle, you need to verify the email address you used during registration. Go to your Sporcle Settings to finish the process.

Report this User

Report this user for behavior that violates our Community Guidelines.

Details: